| 000 | 01011nas a2200301 4500 | ||
|---|---|---|---|
| 001 | BR2013002545 | ||
| 003 | BR-BrBNA | ||
| 005 | 20231205122126.0 | ||
| 007 | ta | ||
| 008 | 230509b bl.|||p| |||| 00| 00por d | ||
| 040 |
_aBR-BrBNA _bpor _cBiblioteca Nacional de Agricultura |
||
| 041 | _a(En) | ||
| 072 | _aM40; L53 | ||
| 100 | 1 | _aZank, C. | |
| 100 | 1 | _aDi-bernardo, M. | |
| 100 | 1 | _aManeyro, R. | |
| 100 | 1 | _aColombo, P. | |
| 100 | 1 | _aFusinatto, L.A. | |
| 100 | 1 | _aFonte, F.M. da | |
| 245 | 1 | _aSpatial and temporal distribution of Pseudis minuta (Anura, Hylidae, Hylinae)and environmental variables related to its reproductiva activity in Reserva Biológica do Lami, southern Brazil | |
| 650 | _aRÃ | ||
| 650 | _aECOLOGIA AQUÁTICA | ||
| 650 | _aCONDIÇÃO AMBIENTAL | ||
| 650 | _aREPRODUÇÃO ANIMAL | ||
| 773 | 0 |
_tIheringia. Série Zoologia (Brazil) _xISSN 0073-4721 _g(Jun 2010), v. 100(2) p. 145-150 _wBR2013002545 |
|
| 909 |
_a202311 _bLúcia _c55 _dLúcia Elande |
||
| 942 |
_2AGRIS _n0 _cANA |
||
| 999 |
_c227048 _d227048 |
||